Statistics for Cities by Founder and Date

Click here to take the quiz!

General Stats

  • This quiz has been taken 6,897 times
    (6,758 since last reset)
  • The average score is 12 of 22

Answer Stats

YearFounded byCity% Correct
753 BCRomulusRome
93%
1960Government of BrazilBrasília
91%
330ConstantineConstantinople
88%
1703Peter the GreatSt. Petersburg
86%
1960Government of PakistanIslamabad
83%
1521Hernán CortésMexico City
73%
1682William PennPhiladelphia
70%
331 BCAlexander the GreatAlexandria
69%
1847Brigham YoungSalt Lake City
63%
1984Government of NigeriaAbuja
61%
1535Francisco PizarroLima
54%
870Ingólfur ArnarsonReykjavik
50%
1620Mayflower pilgrimsPlymouth
50%
762Al-MansurBaghdad
43%
2286 BCNimrodBabylon
42%
814 BCDidoCarthage
37%
1701Antoine de la Mothe CadillacDetroit
35%
1608Samuel de ChamplainQuebec City
33%
1496Bartholomew Columbus Santo Domingo
32%
482Kyi, Shchek, and KhoryvKiev
29%
794Emperor KanmuKyoto
25%
1652Dutch East India CompanyCape Town
15%

Score Distribution

Percentile by Number Answered

Percent of People with Each Score

Your Score History

You have not taken this quiz since the last reset